000 00568nam a2200181 4500
008 031110s1973 txu b 000 0 eng
020 _a0876802706 :USD5.95
090 _aB945.H354
_bG72
100 1 _aGragg, Alan.
245 0 0 _aCharles Hartshorne.
260 _aWaco, Texas :
_bWord Books,
_c[1973]
300 _a127 p.
_c23 cm.
350 _a
_3.95
490 1 _aMakers of the modern theological mind
504 _aBibliography: p. 124-127.
600 1 0 _aHartshorne, Charles,
_d1897-2000.
951 _p9143
_x00005857
_oB945.H354/G72
_j070613111322171
_d2000-12-21
_cGC
999 _c18072
_d18072